| 000 | 004600000a22001690004500 | ||
|---|---|---|---|
| 003 | MACL | ||
| 005 | 20160102153446.0 | ||
| 008 | 160102b xxu||||| |||| 00| 0 eng d | ||
| 040 |
_aMACL _cMACL |
||
| 041 | _aEnglish | ||
| 082 | _a820/GAL | ||
| 100 |
_aGalton, Arthur _927002 |
||
| 245 | _aEnglish Prose From Manudevile to Thackeray | ||
| 260 |
_bThe Walter Scott publishing co Ltd _aLondon |
||
| 650 |
_aEnglish Literature _927288 |
||
| 942 |
_cBK _k820/GAL _2ddc |
||
| 999 |
_c39113 _d39113 |
||